[Event "Titled Tuesday intern op 05th Sep Early"]
[Site "Chess.com INT"]
[Date "2023.09.05"]
[Round "8"]
[White "Wimalasuriya, Kasun M"]
[Black "Toktomushev, Teimur"]
[Result "1-0"]
[WhiteElo "1767"]
[BlackElo "2210"]
[PlyCount "59"]
[EventDate "2023.09.05"]
[EventType "swiss (blitz)"]
[EventRounds "11"]
[EventCountry "USA"]
[SourceTitle "EXT 2024"]
[Source "ChessBase"]
[SourceDate "2023.10.10"]
[SourceVersion "1"]
[SourceVersionDate "2023.10.10"]
[SourceQuality "1"]

1. d4 d5 2. c4 e6 3. Nc3 Nf6 4. Bg5 Be7 5. cxd5 exd5 6. e3 c6 7. Bd3 Nbd7 8. Nge2 Nh5 9. Bxe7 Qxe7 10. Qc2 Nb6 11. Ng3 Nxg3 12. hxg3 g6 13. 0-0-0 Be6 14. Kb1 0-0-0 15. Na4 Nxa4 16. Qxa4 Kb8 17. Rc1 h5 18. Rc3 h4 19. gxh4 Rxh4 20. Rhc1 Bc8 21. Ra3 a6 22. Rb3 Ka8 23. Qa5 Rd6 24. Qb6 Bf5 25. Bxf5 gxf5 26. a3 Rh2 27. Rc5 Rh8 28. Ra5 Qd7 29. Ka2 Rb8 30. Rxa6+ 1-0

[Event "Titled Tuesday intern op 22nd Aug Early"]
[Site "Chess.com INT"]
[Date "2023.08.22"]
[Round "2"]
[White "Sroczynski, Maciej"]
[Black "Wimalasuriya, Kasun M"]
[Result "1/2-1/2"]
[WhiteElo "2271"]
[BlackElo "1781"]
[PlyCount "116"]
[EventDate "2023.08.22"]
[EventType "swiss (blitz)"]
[EventRounds "11"]
[EventCountry "USA"]
[SourceTitle "EXT 2024"]
[Source "ChessBase"]
[SourceDate "2023.10.10"]
[SourceVersion "1"]
[SourceVersionDate "2023.10.10"]
[SourceQuality "1"]

1. Nf3 c6 2. g3 d5 3. Bg2 Nf6 4. 0-0 Bf5 5. d3 e6 6. Nbd2 Nbd7 7. Re1 h6 8. e4 Bg6 9. Qe2 Be7 10. b3 0-0 11. Bb2 Ne8 12. h4 Bf6 13. e5 Be7 14. Nf1 c5 15. N1h2 b5 16. Ng4 h5 17. Ngh2 Bf5 18. Bc1 g6 19. Bf4 a5 20. a4 b4 21. Nf1 Rc8 22. Ne3 Ng7 23. Nxf5 Nxf5 24. Bh3 Re8 25. Bxf5 exf5 26. e6 Nf8 27. exf7+ Kxf7 28. Ne5+ Kg7 29. Qd2 Bf6 30. Re2 Rc7 31. Rae1 Rce7 32. d4 c4 33. Nc6 Rxe2 34. Rxe2 Rxe2 35. Qxe2 Qd7 36. Nxa5 cxb3 37. cxb3 Bxd4 38. Be5+ Bxe5 39. Qxe5+ Kf7 40. Qd4 Ne6 41. Qxb4 d4 42. Qb7 Qxb7 43. Nxb7 d3 44. Kf1 Nd4 45. Ke1 Nxb3 46. a5 Nxa5 47. Nxa5 f4 48. Kd2 Kf6 49. Kxd3 Kf5 50. Ke2 fxg3 51. fxg3 Kg4 52. Kf2 g5 53. hxg5 Kxg5 54. Kf3 h4 55. g4 h3 56. Nc4 h2 57. Kg2 h1Q+ 58. Kxh1 Kxg4 1/2-1/2

[Event "Titled Tuesday intern op 22nd Aug Early"]
[Site "Chess.com INT"]
[Date "2023.08.22"]
[Round "4"]
[White "Wimalasuriya, Kasun M"]
[Black "Seletsky, Grigory"]
[Result "1-0"]
[WhiteElo "1781"]
[BlackElo "2220"]
[PlyCount "97"]
[EventDate "2023.08.22"]
[EventType "swiss (blitz)"]
[EventRounds "11"]
[EventCountry "USA"]
[SourceTitle "EXT 2024"]
[Source "ChessBase"]
[SourceDate "2023.10.10"]
[SourceVersion "1"]
[SourceVersionDate "2023.10.10"]
[SourceQuality "1"]

1. d4 Nf6 2. c4 g6 3. Nf3 Bg7 4. g3 0-0 5. Bg2 c6 6. Nc3 d5 7. Qa4 b6 8. cxd5 cxd5 9. 0-0 Bb7 10. Ne5 a6 11. Rd1 b5 12. Qb3 e6 13. Bg5 h6 14. Bxf6 Bxf6 15. e4 dxe4 16. Nxe4 Bg7 17. Nf6+ Bxf6 18. Bxb7 Ra7 19. Bf3 Rc7 20. Qe3 Bg7 21. d5 exd5 22. Rxd5 Qe7 23. Rad1 Re8 24. Re1 Nc6 25. Nxc6 Qxe3 26. Rxe3 Rxe3 27. fxe3 Bxb2 28. Rd2 Bf6 29. Kf2 Kg7 30. Nb4 Ra7 31. Nd5 Be5 32. Rc2 h5 33. Rc6 a5 34. Rb6 b4 35. Rb5 Ba1 36. Bd1 h4 37. Ba4 hxg3+ 38. hxg3 g5 39. g4 Bb2 40. Nb6 Bf6 41. Nc4 Bd8 42. Kf3 f6 43. Nd6 Bc7 44. Nf5+ Kf7 45. Bb3+ Ke8 46. Rc5 Kd7 47. Ba4+ Ke6 48. Rc6+ Ke5 49. Bb3 1-0

[Event "SRI-chT"]
[Site "Colombo"]
[Date "2023.07.29"]
[Round "2.2"]
[White "Lahiru, NPG Sithija"]
[Black "Wimalasuriya, Kasun M"]
[Result "1-0"]
[WhiteElo "1803"]
[BlackElo "1781"]
[PlyCount "65"]
[EventDate "2023.07.28"]
[EventType "team-tourn"]
[EventRounds "9"]
[EventCountry "SRI"]
[SourceTitle "CBM 215 Extra"]
[Source "ChessBase"]
[SourceDate "2023.09.30"]
[SourceVersion "1"]
[SourceVersionDate "2023.09.30"]
[SourceQuality "1"]
[WhiteTeam "Kandy YMCA"]
[BlackTeam "Sokians CC"]
[WhiteTeamCountry "SRI"]
[BlackTeamCountry "SRI"]

1. e4 c5 2. Nf3 Nc6 3. Bb5 e5 4. c3 Qf6 5. 0-0 a6 6. Bxc6 dxc6 7. d4 cxd4 8. cxd4 exd4 9. Nxd4 Bc5 10. Be3 Ba7 11. Nc3 Nh6 12. Nc2 Bxe3 13. Nxe3 0-0 14. f4 Qe7 15. Qf3 Bd7 16. Kh1 Rad8 17. Rae1 f6 18. a3 Bc8 19. Rf2 Rd3 20. Nf5 Qd7 21. Nxh6+ gxh6 22. Qh5 Qg7 23. e5 fxe5 24. Rxe5 Kh8 25. Qe2 Rdd8 26. h3 Bf5 27. Rf3 Rf7 28. Kh2 Rdf8 29. Na4 Qf6 30. Nc5 Qd6 31. Ne6 Rg8 32. Qe3 h5 33. Rxf5 1-0

[Event "Titled Tuesday intern op 25th Jul Early"]
[Site "Chess.com INT"]
[Date "2023.07.25"]
[Round "1"]
[White "Wimalasuriya, Kasun M"]
[Black "Khusenkhojaev, Muhammad"]
[Result "0-1"]
[WhiteElo "1781"]
[BlackElo "2375"]
[PlyCount "94"]
[EventDate "2023.07.25"]
[EventType "swiss (blitz)"]
[EventRounds "11"]
[EventCountry "USA"]
[SourceTitle "EXT 2024"]
[Source "ChessBase"]
[SourceDate "2023.10.10"]
[SourceVersion "1"]
[SourceVersionDate "2023.10.10"]
[SourceQuality "1"]

1. d4 Nf6 2. c4 g6 3. Nf3 Bg7 4. g3 0-0 5. Bg2 d6 6. 0-0 c6 7. Nc3 Qa5 8. h3 Qa6 9. Qd3 d5 10. cxd5 Qxd3 11. exd3 Nxd5 12. Nxd5 cxd5 13. Be3 Nc6 14. a3 e6 15. Rac1 Bd7 16. Rc2 Rfc8 17. Rfc1 Na5 18. Ne5 Rxc2 19. Rxc2 Rc8 20. Rxc8+ Bxc8 21. Kf1 Nc6 22. Nxc6 bxc6 23. Ke2 a5 24. Kd2 Ba6 25. Bf3 a4 26. Bd1 Bb5 27. Bf3 Kf8 28. Kc2 h5 29. b3 axb3+ 30. Kxb3 Bxd3 31. Bd1 Ke7 32. a4 Kd7 33. Kc3 Ba6 34. Bb3 c5 35. Bc2 Kc6 36. Bd3 cxd4+ 37. Bxd4 Bxd4+ 38. Kxd4 e5+ 39. Ke3 d4+ 40. Ke4 Bxd3+ 41. Kxd3 Kd5 42. f3 f5 43. g4 e4+ 44. Ke2 Kc4 45. fxe4 fxe4 46. gxh5 gxh5 47. Kd2 Kb4 0-1

[Event "Titled Tuesday intern op 25th Jul Early"]
[Site "Chess.com INT"]
[Date "2023.07.25"]
[Round "2"]
[White "Wimalasuriya, Kasun M"]
[Black "Osmak, Iulija"]
[Result "0-1"]
[WhiteElo "1781"]
[BlackElo "2444"]
[PlyCount "94"]
[EventDate "2023.07.25"]
[EventType "swiss (blitz)"]
[EventRounds "11"]
[EventCountry "USA"]
[SourceTitle "EXT 2024"]
[Source "ChessBase"]
[SourceDate "2023.10.10"]
[SourceVersion "1"]
[SourceVersionDate "2023.10.10"]
[SourceQuality "1"]

1. d4 Nf6 2. c4 g6 3. Nf3 Bg7 4. g3 c6 5. Bg2 d5 6. 0-0 0-0 7. cxd5 cxd5 8. Nc3 Nc6 9. Bg5 Ne4 10. Bf4 Nxc3 11. bxc3 Bf5 12. h3 Be4 13. Qb3 Na5 14. Qb4 Rc8 15. Nd2 Bxg2 16. Kxg2 b6 17. Rac1 Nc4 18. Rfe1 Qd7 19. Nf3 Qb7 20. h4 h6 21. Qb1 Rc6 22. e4 dxe4 23. Qxe4 e6 24. Rh1 Rfc8 25. h5 g5 26. Bxg5 hxg5 27. h6 Bf6 28. h7+ Kh8 29. Rh6 Bg7 30. Rh5 R6c7 31. Qxb7 Rxb7 32. Nxg5 Nd6 33. Nf3 Ne4 34. c4 Nf6 35. Rh2 Rbc7 36. Ne5 Ne4 37. Rh4 Bxe5 38. dxe5 Rxc4 39. Rd1 Ng5 40. Rxc4 Rxc4 41. Rd7 Ra4 42. f4 Nxh7 43. Rxf7 Rxa2+ 44. Kh3 Kg8 45. Re7 Nf8 46. g4 Ra3+ 47. Kh4 Ng6+ 0-1

[Event "Titled Tuesday intern op 23rd May Early"]
[Site "Chess.com INT"]
[Date "2023.05.23"]
[Round "7"]
[White "Korol, Dimitry"]
[Black "Wimalasuriya, Kasun M"]
[Result "0-1"]
[WhiteElo "2287"]
[BlackElo "1781"]
[PlyCount "52"]
[EventDate "2023.05.23"]
[EventType "swiss (blitz)"]
[EventRounds "11"]
[EventCountry "USA"]
[SourceTitle "CBM 214 Extra"]
[Source "ChessBase"]
[SourceDate "2023.07.31"]
[SourceVersion "1"]
[SourceVersionDate "2023.07.31"]
[SourceQuality "1"]

1. d4 Nf6 2. c4 e6 3. Nc3 Bb4 4. Qc2 d5 5. cxd5 exd5 6. Bg5 0-0 7. e3 c6 8. Bd3 h6 9. Bh4 Be7 10. Nge2 Re8 11. f3 Nbd7 12. 0-0 Nf8 13. Rad1 N6d7 14. Bf2 Bg5 15. e4 b6 16. exd5 cxd5 17. Nxd5 Bb7 18. Qb3 Nb8 19. Nec3 Nc6 20. a3 Ne6 21. Bb1 Na5 22. Qa2 Ba6 23. Rfe1 Bc4 24. b3 Bxb3 25. Qd2 Bxd2 26. Rxd2 Bxd5 0-1

[Event "Titled Tuesday intern op 23rd May Early"]
[Site "Chess.com INT"]
[Date "2023.05.23"]
[Round "6"]
[White "Weetik, Vjacheslav"]
[Black "Wimalasuriya, Kasun M"]
[Result "1-0"]
[WhiteElo "2423"]
[BlackElo "1781"]
[PlyCount "87"]
[EventDate "2023.05.23"]
[EventType "swiss (blitz)"]
[EventRounds "11"]
[EventCountry "USA"]
[SourceTitle "CBM 214 Extra"]
[Source "ChessBase"]
[SourceDate "2023.07.31"]
[SourceVersion "1"]
[SourceVersionDate "2023.07.31"]
[SourceQuality "1"]

1. d4 Nf6 2. c4 g6 3. Nc3 d5 4. cxd5 Nxd5 5. e4 Nxc3 6. bxc3 Bg7 7. Bg5 0-0 8. Nf3 c5 9. Rc1 Nc6 10. d5 Na5 11. Qd2 b6 12. h3 Qd6 13. Bd3 e6 14. c4 exd5 15. cxd5 Re8 16. 0-0 c4 17. Bb1 Ba6 18. Rfe1 Rac8 19. Bf4 Qd7 20. e5 Rc5 21. Be4 Bb7 22. Red1 Rd8 23. Be3 Rcc8 24. Qc2 Qe8 25. Bg5 Rd7 26. Bf4 Rc5 27. Be3 Rc8 28. Rd4 Rcd8 29. Rcd1 Bxe5 30. Nxe5 Qxe5 31. Bf3 Bxd5 32. Qa4 Bxf3 33. Rxd7 Rxd7 34. Rxd7 Bc6 35. Rd8+ Kg7 36. Qd1 Qe7 37. Qd4+ f6 38. Rd6 g5 39. Bxg5 Qe1+ 40. Kh2 Qe5+ 41. Qxe5 fxe5 42. Bd2 Be8 43. Bxa5 bxa5 44. Ra6 1-0

[Event "Titled Tuesday intern op 16th May Early"]
[Site "Chess.com INT"]
[Date "2023.05.16"]
[Round "6"]
[White "Krishnan, Ritvik"]
[Black "Wimalasuriya, Kasun M"]
[Result "0-1"]
[WhiteElo "1998"]
[BlackElo "1781"]
[PlyCount "82"]
[EventDate "2023.05.16"]
[EventType "swiss (blitz)"]
[EventRounds "11"]
[EventCountry "USA"]
[SourceTitle "CBM 214 Extra"]
[Source "ChessBase"]
[SourceDate "2023.07.31"]
[SourceVersion "1"]
[SourceVersionDate "2023.07.31"]
[SourceQuality "1"]

1. c4 Nf6 2. Nc3 c5 3. Nf3 Nc6 4. g3 g6 5. d4 cxd4 6. Nxd4 Bg7 7. Bg2 0-0 8. 0-0 Qc7 9. Ndb5 Qd8 10. e4 d6 11. h3 a6 12. Na3 Bd7 13. Be3 Rc8 14. Rc1 Qa5 15. Qe2 Qh5 16. g4 Qa5 17. g5 Nh5 18. Nd5 Qd8 19. b4 e6 20. Nb6 Rc7 21. Qd2 Bc8 22. Rfd1 e5 23. Qxd6 Nd4 24. Nxc8 Qxc8 25. Bxd4 exd4 26. c5 Rd8 27. Qh2 Re7 28. Nc4 Qe6 29. f4 d3 30. Nd6 Bd4+ 31. Kh1 Qxa2 32. Rxd3 Qb2 33. Rcd1 Bf2 34. Nf5 Rxd3 35. Nxe7+ Kf8 36. Rf1 Ng3+ 37. Qxg3 Bxg3 38. Nd5 Qe2 39. e5 Rd2 40. Rg1 Bf2 41. Rf1 Bd4 0-1

[Event "Titled Tuesday intern op 16th May Early"]
[Site "Chess.com INT"]
[Date "2023.05.16"]
[Round "4"]
[White "Wimalasuriya, Kasun M"]
[Black "Martic, Ivan"]
[Result "0-1"]
[WhiteElo "1781"]
[BlackElo "2301"]
[PlyCount "44"]
[EventDate "2023.05.16"]
[EventType "swiss (blitz)"]
[EventRounds "11"]
[EventCountry "USA"]
[SourceTitle "CBM 214 Extra"]
[Source "ChessBase"]
[SourceDate "2023.07.31"]
[SourceVersion "1"]
[SourceVersionDate "2023.07.31"]
[SourceQuality "1"]

1. d4 Nf6 2. Nf3 d5 3. g3 c6 4. Bg2 Bf5 5. 0-0 e6 6. c4 Nbd7 7. Nc3 Be7 8. Nh4 Bg4 9. h3 Bh5 10. Nf3 0-0 11. g4 Bg6 12. Ne5 Nxe5 13. dxe5 Nd7 14. f4 f5 15. exf6 Nxf6 16. cxd5 cxd5 17. f5 exf5 18. Nxd5 Bc5+ 19. Kh1 Nxg4 20. Qb3 Nf2+ 21. Rxf2 Bxf2 22. Nb6+ Bf7 0-1

[Event "Titled Tuesday intern op 16th May Early"]
[Site "Chess.com INT"]
[Date "2023.05.16"]
[Round "1"]
[White "Wimalasuriya, Kasun M"]
[Black "Tologontegin, Semetey"]
[Result "1-0"]
[WhiteElo "1781"]
[BlackElo "2372"]
[PlyCount "125"]
[EventDate "2023.05.16"]
[EventType "swiss (blitz)"]
[EventRounds "11"]
[EventCountry "USA"]
[SourceTitle "CBM 214 Extra"]
[Source "ChessBase"]
[SourceDate "2023.07.31"]
[SourceVersion "1"]
[SourceVersionDate "2023.07.31"]
[SourceQuality "1"]

1. d4 d5 2. Nf3 e6 3. g3 c5 4. Bg2 Nf6 5. 0-0 Nc6 6. c4 dxc4 7. Qa4 Bd7 8. Qxc4 cxd4 9. Nxd4 Nxd4 10. Qxd4 Bc6 11. Bxc6+ bxc6 12. Qa4 Qb6 13. Nc3 Be7 14. Be3 Qb7 15. Rac1 0-0 16. Rc2 c5 17. Rfc1 Rac8 18. Bg5 h6 19. Bxf6 Bxf6 20. Ne4 Be7 21. Nxc5 Bxc5 22. Rxc5 Rxc5 23. Rxc5 Qxb2 24. Qc4 g6 25. Rc7 a5 26. Rc5 a4 27. Rb5 Qd2 28. e3 Rd8 29. Qxa4 Qe2 30. Rb1 Rd2 31. Qf4 Kg7 32. Qe5+ Kh7 33. Qf6 Rd1+ 34. Rxd1 Qxd1+ 35. Kg2 Kg8 36. Qd4 Qb1 37. a4 Qb7+ 38. Kg1 Qb1+ 39. Kg2 Qb7+ 40. e4 f5 41. Qe5 Kf7 42. a5 fxe4 43. Qf4+ Kg7 44. Qe3 h5 45. Qc3+ Kh7 46. Qe3 Kg7 47. Kh3 Qb5 48. Qxe4 Qxa5 49. Qxe6 Qb5 50. Qe7+ Kg8 51. Qe3 Qf1+ 52. Kh4 Qd1 53. h3 Qd8+ 54. Qg5 Qd4+ 55. f4 Kf7 56. Qe5 Qf2 57. Qd5+ Kf6 58. Qd6+ Kg7 59. Qe7+ Kh6 60. Qf8+ Kh7 61. Qf7+ Kh6 62. Qf6 Kh7 63. f5 1-0

[Event "Titled Tuesday intern op 09th May Early"]
[Site "Chess.com INT"]
[Date "2023.05.09"]
[Round "8"]
[White "Devaev, Alexander"]
[Black "Wimalasuriya, Kasun M"]
[Result "1-0"]
[WhiteElo "2325"]
[BlackElo "1781"]
[PlyCount "111"]
[EventDate "2023.05.09"]
[EventType "swiss (blitz)"]
[EventRounds "11"]
[EventCountry "USA"]
[SourceTitle "CBM 214 Extra"]
[Source "ChessBase"]
[SourceDate "2023.07.31"]
[SourceVersion "1"]
[SourceVersionDate "2023.07.31"]
[SourceQuality "1"]

1. Nf3 Nf6 2. c4 g6 3. Nc3 Bg7 4. e4 d6 5. d4 0-0 6. h3 Nfd7 7. Bg5 Nc6 8. Be2 f6 9. Be3 e5 10. d5 Ne7 11. g4 Nc5 12. Rg1 a5 13. h4 b6 14. h5 Kf7 15. Nh4 g5 16. Nf3 h6 17. Nd2 Kg8 18. f3 c6 19. Kf2 cxd5 20. cxd5 Bd7 21. Qf1 Nc8 22. Bb5 Na7 23. Bxd7 Qxd7 24. Nc4 Rab8 25. Na3 Rfc8 26. Ncb5 Nxb5 27. Qxb5 Qxb5 28. Nxb5 Nd3+ 29. Kg3 Bf8 30. Rg2 Rc4 31. Rd1 Nf4 32. Rgd2 a4 33. Bxf4 gxf4+ 34. Kf2 Rbc8 35. Ke2 R8c5 36. Na3 Rb4 37. Kd3 Rd4+ 38. Ke2 Rxd2+ 39. Kxd2 b5 40. Rc1 b4 41. Rxc5 dxc5 42. Nc4 Kf7 43. a3 Ke8 44. Kd3 Kd7 45. Nb6+ Kc7 46. Nxa4 bxa3 47. bxa3 c4+ 48. Kxc4 Bxa3 49. Nc5 Kd6 50. Ne6 Bc1 51. Ng7 Bd2 52. Nf5+ Kd7 53. Nxh6 Be1 54. Nf5 Bh4 55. h6 Bg5 56. h7 1-0

[Event "Titled Tuesday intern op 09th May Early"]
[Site "Chess.com INT"]
[Date "2023.05.09"]
[Round "1"]
[White "Nagare, Kaivalya Sandip"]
[Black "Wimalasuriya, Kasun M"]
[Result "1-0"]
[WhiteElo "2085"]
[BlackElo "1781"]
[PlyCount "75"]
[EventDate "2023.05.09"]
[EventType "swiss (blitz)"]
[EventRounds "11"]
[EventCountry "USA"]
[SourceTitle "CBM 214 Extra"]
[Source "ChessBase"]
[SourceDate "2023.07.31"]
[SourceVersion "1"]
[SourceVersionDate "2023.07.31"]
[SourceQuality "1"]

1. e4 c5 2. Nf3 Nc6 3. d4 cxd4 4. Nxd4 e5 5. Nb5 d6 6. N1c3 a6 7. Na3 Be7 8. Nd5 Be6 9. Be3 Bxd5 10. exd5 Nb8 11. c4 Nd7 12. Bd3 Rc8 13. 0-0 Ngf6 14. Nc2 0-0 15. b4 e4 16. Be2 Ne5 17. Na3 Nfd7 18. Rc1 f5 19. Bd4 f4 20. f3 e3 21. Qb3 Kh8 22. Nb1 Bf6 23. Rfd1 Qe8 24. Nc3 Qh5 25. Ne4 Be7 26. c5 dxc5 27. bxc5 Nf6 28. Nxf6 Bxf6 29. Qxb7 Bh4 30. d6 Bf2+ 31. Kh1 Bg3 32. h3 Rb8 33. Qe4 Nd7 34. c6 Nf6 35. Bxf6 gxf6 36. c7 Rbe8 37. Qxe8 Rxe8 38. d7 1-0

[Event "Titled Tuesday intern op 09th May Early"]
[Site "Chess.com INT"]
[Date "2023.05.09"]
[Round "6"]
[White "Wimalasuriya, Kasun M"]
[Black "Sargissyan, Sargis"]
[Result "1-0"]
[WhiteElo "1781"]
[BlackElo "2234"]
[PlyCount "69"]
[EventDate "2023.05.09"]
[EventType "swiss (blitz)"]
[EventRounds "11"]
[EventCountry "USA"]
[SourceTitle "CBM 214 Extra"]
[Source "ChessBase"]
[SourceDate "2023.07.31"]
[SourceVersion "1"]
[SourceVersionDate "2023.07.31"]
[SourceQuality "1"]

1. d4 Nf6 2. Nf3 g6 3. c4 Bg7 4. Nc3 d5 5. e3 0-0 6. Be2 c5 7. 0-0 cxd4 8. Nxd4 e5 9. Nf3 e4 10. Nd4 dxc4 11. Bxc4 Nbd7 12. b3 Ne5 13. Be2 Qa5 14. Bd2 Qb6 15. Na4 Qd6 16. Qe1 Nd5 17. Rc1 b6 18. Nb5 Qf6 19. Nc7 Nxc7 20. Rxc7 Nf3+ 21. Bxf3 exf3 22. Bc3 Qg5 23. g3 Qh5 24. Kh1 Bh3 25. Rg1 Bg2+ 26. Rxg2 fxg2+ 27. Kxg2 Qd5+ 28. e4 Bxc3 29. Nxc3 Qd6 30. Nd5 Rfe8 31. Qc3 Re6 32. f4 Rae8 33. h4 h5 34. Kh2 a5 35. a4 1-0

[Event "Titled Tuesday intern op 02nd May Early"]
[Site "Chess.com INT"]
[Date "2023.05.02"]
[Round "2"]
[White "Arkell, Keith C"]
[Black "Wimalasuriya, Kasun M"]
[Result "1-0"]
[WhiteElo "2390"]
[BlackElo "1781"]
[PlyCount "119"]
[EventDate "2023.05.02"]
[EventType "swiss (blitz)"]
[EventRounds "11"]
[EventCountry "USA"]
[SourceTitle "EXT 2024"]
[Source "ChessBase"]
[SourceDate "2023.10.10"]
[SourceVersion "1"]
[SourceVersionDate "2023.10.10"]
[SourceQuality "1"]

1. d4 Nf6 2. Nf3 g6 3. c4 Bg7 4. g3 0-0 5. Bg2 c6 6. 0-0 d5 7. Nbd2 Bf5 8. b3 Ne4 9. Bb2 c5 10. cxd5 Qxd5 11. Nh4 cxd4 12. Nxf5 gxf5 13. Qc2 Nc6 14. Nxe4 fxe4 15. Qxe4 Qxe4 16. Bxe4 Rfd8 17. Rac1 Rac8 18. Rfd1 e5 19. a3 Bh6 20. Rc2 Na5 21. b4 Nc4 22. Bxb7 Rc7 23. Ba6 Ne3 24. Rxc7 Nxd1 25. Ba1 Rd6 26. Bd3 Rf6 27. f3 Be3+ 28. Kg2 Nf2 29. Bc4 e4 30. f4 h5 31. Rd7 Ng4 32. Bxd4 Bxd4 33. Rxd4 Rc6 34. Bd5 Rc2 35. Rxe4 Rd2 36. Bc4 Kf8 37. h3 Nf6 38. Re5 h4 39. gxh4 Rc2 40. Bd3 Rc3 41. Ra5 Rc7 42. Kf3 Kg7 43. h5 Re7 44. Ra6 Ng8 45. h6+ Nxh6 46. b5 Ng8 47. a4 Nf6 48. a5 Nd5 49. Rd6 Nb4 50. Be4 Rc7 51. h4 Rc3+ 52. Kg4 Ra3 53. h5 Rxa5 54. h6+ Kf8 55. Rd8+ Ke7 56. h7 Kxd8 57. h8Q+ Kc7 58. Qc3+ Kb6 59. Qxb4 Rxb5 60. Qd6+ 1-0

[Event "Titled Tuesday intern op 02nd May Early"]
[Site "Chess.com INT"]
[Date "2023.05.02"]
[Round "5"]
[White "Osinovsky, Stepan"]
[Black "Wimalasuriya, Kasun M"]
[Result "1-0"]
[WhiteElo "2241"]
[BlackElo "1781"]
[PlyCount "73"]
[EventDate "2023.05.02"]
[EventType "swiss (blitz)"]
[EventRounds "11"]
[EventCountry "USA"]
[SourceTitle "EXT 2024"]
[Source "ChessBase"]
[SourceDate "2023.10.10"]
[SourceVersion "1"]
[SourceVersionDate "2023.10.10"]
[SourceQuality "1"]

1. Nf3 Nf6 2. g3 g6 3. Bg2 Bg7 4. 0-0 0-0 5. d3 d6 6. Nbd2 e5 7. e4 Nc6 8. Kh1 Ne8 9. c3 h6 10. Nh4 g5 11. Nf5 Ne7 12. Nxg7 Nxg7 13. f4 exf4 14. gxf4 gxf4 15. Nf3 Ng6 16. Rg1 Kh7 17. Qe1 f5 18. e5 dxe5 19. Nxe5 Rf6 20. d4 c5 21. Nxg6 Rxg6 22. Bxf4 cxd4 23. Rd1 Qb6 24. cxd4 Be6 25. d5 Bf7 26. Qe7 Kg8 27. d6 Re8 28. Qh4 Be6 29. Bf3 Rxg1+ 30. Rxg1 Qxb2 31. Qxh6 Bf7 32. d7 Rd8 33. Bg5 Qf2 34. Bxb7 Rxd7 35. Bf6 Bg6 36. Bd5+ Kf8 37. Qh8# 1-0

[Event "Titled Tuesday intern op 02nd May Early"]
[Site "Chess.com INT"]
[Date "2023.05.02"]
[Round "10"]
[White "Wimalasuriya, Kasun M"]
[Black "Omariev, Maksim"]
[Result "0-1"]
[WhiteElo "1781"]
[BlackElo "2304"]
[PlyCount "76"]
[EventDate "2023.05.02"]
[EventType "swiss (blitz)"]
[EventRounds "11"]
[EventCountry "USA"]
[SourceTitle "EXT 2024"]
[Source "ChessBase"]
[SourceDate "2023.10.10"]
[SourceVersion "1"]
[SourceVersionDate "2023.10.10"]
[SourceQuality "1"]

1. d4 h5 2. c4 h4 3. Nc3 d6 4. e4 h3 5. g4 e5 6. d5 Nf6 7. f3 Nxg4 8. fxg4 Qh4+ 9. Kd2 Be7 10. Kc2 Na6 11. a3 Bxg4 12. Be2 Qf2 13. Be3 Qg2 14. Kb3 Qxh1 15. Bxg4 Qxh2 16. Nxh3 Rxh3 17. Bxh3 Qxh3 18. Bg1 Nc5+ 19. Bxc5 dxc5 20. Qg1 g6 21. Rf1 g5 22. Ka2 a6 23. Rf5 f6 24. Na4 b6 25. d6 Bxd6 26. Rxf6 0-0-0 27. Qxg5 Qd3 28. Qf5+ Kb7 29. b3 Rh8 30. Qf2 Qxe4 31. Nc3 Qd4 32. Qg2+ Ka7 33. Nd5 e4 34. Rxd6 cxd6 35. b4 Qe5 36. Qg6 Rh2+ 37. Kb3 Qb2+ 38. Ka4 Qc2# 0-1

[Event "Titled Tuesday intern op 11th Apr Early"]
[Site "Chess.com INT"]
[Date "2023.04.11"]
[Round "6"]
[White "Ward, Ieuan C"]
[Black "Wimalasuriya, Kasun M"]
[Result "1-0"]
[WhiteElo "2028"]
[BlackElo "1781"]
[PlyCount "103"]
[EventDate "2023.04.11"]
[EventType "swiss (blitz)"]
[EventRounds "11"]
[EventCountry "USA"]
[SourceTitle "CBM 213 Extra"]
[Source "ChessBase"]
[SourceDate "2023.05.31"]
[SourceVersion "1"]
[SourceVersionDate "2023.05.31"]
[SourceQuality "1"]

1. e4 c5 2. Nf3 g6 3. d4 cxd4 4. c3 d3 5. Bxd3 Bg7 6. 0-0 Nc6 7. Nbd2 Nf6 8. h3 0-0 9. Qe2 d5 10. Rd1 dxe4 11. Nxe4 Nxe4 12. Bxe4 Qc7 13. Bg5 Be6 14. Bxc6 bxc6 15. Nd4 Bxd4 16. Rxd4 Rfd8 17. Re4 Qd6 18. b3 Rd7 19. c4 Rad8 20. Re1 Kg7 21. Qe3 h5 22. g4 hxg4 23. hxg4 Rh8 24. Bf4 Qd3 25. Be5+ f6 26. Bxf6+ exf6 27. Rxe6 Qxe3 28. R1xe3 Kf7 29. Rxc6 Rh4 30. Rg3 Rh8 31. g5 f5 32. Rf6+ Kg7 33. Kg2 Rh5 34. Ra6 Rf7 35. c5 f4 36. Rg4 f3+ 37. Kg3 Rh1 38. Rf4 Rg1+ 39. Kxf3 Rxg5 40. Rxf7+ Kxf7 41. Rxa7+ Ke6 42. b4 Rf5+ 43. Ke3 Kd5 44. Rg7 g5 45. a4 Kc4 46. Rb7 Re5+ 47. Kf3 Rf5+ 48. Kg3 Rd5 49. a5 Rd4 50. a6 Rd3+ 51. Kg4 Ra3 52. a7 1-0

[Event "Delkanda Inter Club-chT"]
[Site "Delkanda"]
[Date "2021.03.01"]
[Round "7.5"]
[White "Wimalasuriya, Kasun M"]
[Black "Kodithuwakku, Himsara"]
[Result "1/2-1/2"]
[WhiteElo "1806"]
[BlackElo "1660"]
[PlyCount "50"]
[EventDate "2021.02.26"]
[EventType "team-tourn"]
[EventRounds "9"]
[EventCountry "SRI"]
[SourceTitle "EXT 2022"]
[Source "ChessBase"]
[SourceDate "2021.10.06"]
[SourceVersion "1"]
[SourceVersionDate "2021.10.06"]
[SourceQuality "1"]
[WhiteTeam "Sokians CC"]
[BlackTeam "Black and Gold CC"]
[WhiteTeamCountry "SRI"]
[BlackTeamCountry "SRI"]

1. d4 Nf6 2. c4 c5 3. d5 e6 4. Nc3 exd5 5. cxd5 d6 6. Nf3 g6 7. Bf4 Bg7 8. Qa4+ Bd7 9. Qb3 Qc7 10. e3 0-0 11. h3 Re8 12. Nd2 Nh5 13. Bh2 Be5 14. Bxe5 Rxe5 15. Nc4 Re8 16. Be2 Nf6 17. Bf3 Na6 18. a3 Rab8 19. Nb5 Bxb5 20. Qxb5 Qe7 21. Rd1 Nd7 22. 0-0 Ne5 23. Nxe5 Qxe5 24. Rd2 Qe7 25. Qa4 Ra8 1/2-1/2